000 00285 a2200145 4500
001 59376
020 _a8512008903
040 _cAnchieta - Pituba
240 1 0 _aBrasil 500 anos
_lpor
245 1 0 _aBrasil 500 anos
300 _a63
362 0 _a2000
650 4 _aBrasil
942 _cBK
999 _c59376
_d59376